00298nam a2200121Ia 4500008004100000041000800041082001500049100001800064245002200082260003200104300002900136365001100165240624s9999 xx 000 0 und d aeng a158.22 GRE aGREENE ROBERT a50TH LAW OF POWER c2010aNew DelhibViva Books ax, : 291 : p. : cm. ; 21 cRSb30